Gares sur la ligne de Lyon à Marseille - Statistiques

Statistiques générales
  • Ce quiz a été pris 67 fois
  • Le résultat moyen est 12 sur 35
Statistiques - réponses
Département Gare % Correct
(26) Valence-Ville
88%
Bouches-du-Rhône (13) Marseille-Saint-Charles
75%
(38) Vienne
69%
Rhône (69) Lyon-Perrache
64%
(84) Orange
59%
Bouches-du-Rhône (13) Arles
58%
(26) Montélimar
53%
Vaucluse (84) Avignon-Centre
49%
(26) Tain-l'Hermitage - Tournon
44%
(13) Miramas
41%
Isère (38) Le Péage-de-Roussillon
39%
(38) Saint-Clair - Les Roches
36%
(26) Loriol
34%
(69) Lyon-Jean-Macé
34%
(69) Feyzin
32%
(26) Livron
32%
Drôme (26) Pierrelatte
32%
(69) Saint-Fons
32%
Drôme (26) Saint-Rambert-d'Albon
31%
(13) L'Estaque
29%
Rhône (69) Chasse-sur-Rhône
25%
Vaucluse (84) Bollène-la-Croisière
24%
(13) Saint-Martin-de-Crau
24%
(26) Saint-Vallier-sur-Rhône
24%
(26) Donzère
22%
(84) Sorgues - Châteauneuf-du-Pape
22%
(13) Rognac
20%
(13) Vitrolles-Aéroport-Marseille-Provence
20%
(13) Arenc-Euroméditerranée
19%
Isère (38) Estressin
19%
(13) Saint-Chamas
19%
(69) Sérézin
19%
(84) Courthézon
17%
(13) Pas-des-Lanciers
17%
(84) Bédarrides
15%
Aucun quiz correspondant
Distribution des résultats
% des personnes avec chaque résultat
Percentile par nombre de réponses
Votre historique - résultats
Vous n’avez pas pris ce quiz